Bare Act : The Protection of Civil Rights Act (Untouchability Offences Act 1976 (Record no. 1453996)

MARC details
000 -LEADER
fixed length control field 00566nam a2200193Ia 4500
005 - DATE AND TIME OF LATEST TRANSACTION
control field 20250923145644.0
008 - FIXED-LENGTH DATA ELEMENTS--GENERAL INFORMATION
fixed length control field 008 250917s9999 xx 000 0 eng d
037 ## - SOURCE OF ACQUISITION
Stock number Textual
040 ## - CATALOGING SOURCE
Original cataloging agency DSWL
Language of cataloging eng
Transcribing agency DSWL
041 ## - LANGUAGE CODE
Language code of text/sound track or separate title eng
Source of code eng
084 ## - COLON CLASSIFICATION NUMBER
Classification number Z2:(V:5), N84
Assigning agency DSWL
245 #0 - TITLE STATEMENT
Title Bare Act : The Protection of Civil Rights Act (Untouchability Offences Act 1976
260 ## - PUBLICATION, DISTRIBUTION, ETC.
Place of publication, distribution, etc. Allahabad
Name of publisher, distributor, etc. Central Law Society
Date of publication, distribution, etc. 1984
300 ## - PHYSICAL DESCRIPTION
Extent 14 p.
365 ## - TRADE PRICE
Price type code INR
Price amount 2.25
925 ## -
-- 2.25
942 ## - ADDED ENTRY ELEMENTS (KOHA)
Koha item type Textual
Classification part Z2:(V:5), N84
Holdings
Withdrawn status Lost status Damaged status Not for loan Home library Current library Date acquired Source of acquisition Inventory number Total Checkouts Full call number Barcode Date last seen Price effective from Koha item type
        Department of Social Work Library Department of Social Work Library 2025-09-23 Universal Book Traders 163 28/09/1984   Z2:(V:5), N84 SW0021666 2025-09-23 2025-09-23 Textual
Copyright @ Delhi University Library System